Boston Celtics Leading Rebounder per year - Statistics

General Stats
  • This quiz has been taken 210 times
    138 since last reset
  • The average score is 52 of 76
Answer Stats
Year Player % Correct
2025 Jayson Tatum
96%
2024 Jayson Tatum
96%
2023 Jayson Tatum
96%
1969 Bill Russell
95%
1968 Bill Russell
95%
1967 Bill Russell
95%
1966 Bill Russell
95%
1965 Bill Russell
95%
1964 Bill Russell
95%
1963 Bill Russell
95%
1962 Bill Russell
95%
1961 Bill Russell
95%
1960 Bill Russell
95%
1959 Bill Russell
95%
1958 Bill Russell
95%
1957 Bill Russell
95%
2019 Al Horford
93%
2018 Al Horford
93%
2017 Al Horford
93%
2013 Kevin Garnett
90%
2012 Kevin Garnett
90%
2011 Kevin Garnett
90%
2009 Kevin Garnett
90%
2008 Kevin Garnett
90%
1992 Larry Bird
86%
1988 Larry Bird
86%
1986 Larry Bird
86%
1983 Larry Bird
86%
1982 Larry Bird
86%
1981 Larry Bird
86%
1980 Larry Bird
86%
1994 Robert Parish
82%
1993 Robert Parish
82%
1991 Robert Parish
82%
1990 Robert Parish
82%
1989 Robert Parish
82%
1987 Robert Parish
82%
1985 Robert Parish
82%
1984 Robert Parish
82%
2006 Paul Pierce
79%
2003 Paul Pierce
79%
1978 Dave Cowens
70%
1977 Dave Cowens
70%
1976 Dave Cowens
70%
1975 Dave Cowens
70%
1974 Dave Cowens
70%
1973 Dave Cowens
70%
1972 Dave Cowens
70%
1971 Dave Cowens
70%
2010 Kendrick Perkins
68%
2022 Robert Williams
65%
1970 John Havlicek
64%
2005 Antoine Walker
55%
2002 Antoine Walker
55%
2001 Antoine Walker
55%
2000 Antoine Walker
55%
1999 Antoine Walker
55%
1998 Antoine Walker
55%
1997 Antoine Walker
55%
1979 Cedric Maxwell
39%
1955 Ed Macauley
27%
1954 Ed Macauley
27%
1953 Ed Macauley
27%
1952 Ed Macauley
27%
1951 Ed Macauley
27%
2015 Rajon Rondo
26%
2020 Enes Kanter
22%
1996 Dino Radja
21%
1995 Dino Radja
21%
2021 Trisan Thompson
21%
2016 Jared Sullinger
17%
2014 Jared Sullinger
17%
2007 Al Jefferson
12%
2004 Mark Blount
6%
1952 Bob Harris
3%
1956 Jack Nichols
3%
No matching quizzes found
Score Distribution
Percent of People with Each Score
Percentile by Number Answered
Your Score History
You have not taken this quiz since the last reset